| 000 | 00503nam a2200181Ia 4500 | ||
|---|---|---|---|
| 003 | GCL | ||
| 008 | 140319s9999 xx 000 0 eng d | ||
| 040 |
_aGCL / _cGCL |
||
| 082 | 0 | 4 |
_a595.752 _bH S |
| 100 | 1 | _aHADGSON, C. J. | |
| 245 | 1 | 0 |
_aTHE SCALE INSECT FAMILY COCCIDAE: AN INDENTIFICATION MANUEL / _cHADGSON, C. J. |
| 260 |
_a[S.N] : _bCAB IMTERNATIONAL ، _c1994 |
||
| 300 | _a639 P | ||
| 650 | 0 | 4 | _aSCALE - INSECTS |
| 650 | 0 | 4 | _aCOCCIDAE |
| 650 | 0 | 4 | _aMORPHOLOGY ( ANIMATS ) |
| 942 |
_2ddc _cBK |
||
| 999 |
_c17128 _d17128 |
||